[Event "Gibtelecom Masters 8th"]
[Site "Gibraltar"]
[Date "2010.02.01"]
[Round "7.57"]
[White "Nuri, Kambez"]
[Black "Allor, Chukwuka"]
[Result "0-1"]
[WhiteElo "2235"]
[BlackElo "2100"]
[PlyCount "128"]
[EventDate "2010.01.26"]
[EventType "swiss"]
[EventRounds "10"]
[EventCountry "GGB"]
[SourceDate "2005.02.07"]

1. e4 c5 2. Nf3 d6 3. d4 cxd4 4. Nxd4 Nf6 5. Nc3 Nc6 6. Bg5 e6 7. Qd2 a6 8O-O-O Bd7 9. f4 b5 10. Bxf6 gxf6 11. Nxc6 Bxc6 12. Qe1 Qa5 13. Kb1 Be7 14. Bd3
b4 15. Ne2 Qc5 16. c3 Rb8 17. c4 Rg8 18. Rg1 Qe3 19. Qd2 Qxd2 20. Rxd2 Bd8 21Nd4 Bb7 22. Rgd1 Bb6 23. Bc2 Ke7 24. g3 Rbc8 25. b3 Bc5 26. Re1 Rcd8 27. Red1
h5 28. Re1 h4 29. Rg1 Rg4 30. Bd1 Bxe4+ 31. Kb2 Rg7 32. Re1 Bxd4+ 33. Rxd4 Bf5
34. gxh4 Rg2+ 35. Re2 Rxe2+ 36. Bxe2 Rg8 37. Bf3 Bg4 38. Bb7 a5 39. Rd2 Rh8 40Rc2 Bf5 41. Rf2 Rxh4 42. Kc1 Rh3 43. Bf3 Kd7 44. Kd2 Bb1 45. Kc1 Bf5 46. Kd2
Kc7 47. Ke2 e5 48. fxe5 fxe5 49. Kf1 Rh7 50. Bd5 Bh3+ 51. Bg2 Bxg2+ 52. Kxg2
Kd7 53. Rd2 Rh4 54. Rd5 Rf4 55. Rxa5 e4 56. Rd5 f5 57. c5 Kc6 58. Rxd6+ Kxc5
59. Rd1 e3 60. h4 Rxh4 61. Kf3 Re4 62. Ke2 f4 63. Rc1+ Kd5 64. Rc2 Rd4 0-1

[Event "Gibtelecom Masters 8th"]
[Site "Gibraltar"]
[Date "2010.02.01"]
[Round "7.58"]
[White "Lombart, Philippe"]
[Black "Lyell, Mark"]
[Result "1/2-1/2"]
[WhiteElo "1996"]
[BlackElo "2224"]
[PlyCount "161"]
[EventDate "2010.01.26"]
[EventType "swiss"]
[EventRounds "10"]
[EventCountry "GGB"]
[SourceDate "2005.02.07"]

1. d4 d5 2. c4 Nc6 3. cxd5 Qxd5 4. e3 e5 5. Nc3 Bb4 6. Bd2 Bxc3 7. bxc3 Nf6 8c4 Qd6 9. d5 Ne7 10. Qa4+ Bd7 11. Qb4 Ne4 12. Qxd6 cxd6 13. Nf3 Nc8 14. Bb4 f6
15. Be2 Nb6 16. Nd2 Nxd2 17. Kxd2 Rc8 18. Rhc1 Ke7 19. c5 Nxd5 20. cxd6+ Ke6
21. Ba3 b5 22. e4 Nb6 23. Rab1 g6 24. Bc5 Na4 25. Bxa7 Kxd6 26. Rxc8 Rxc8 27Rb3 Nc5 28. Bxc5+ Rxc5 29. h4 Kc6 30. g3 Be6 31. Rb2 Bc4 32. Bd1 f5 33. f3 f4
34. gxf4 exf4 35. a4 Rh5 36. Kc3 Rxh4 37. Kd4 Rh5 38. e5 Rh1 39. axb5+ Bxb5 40Rd2 Re1 41. Bb3 Kc7 42. Rh2 h5 43. Bf7 Rg1 44. Ke4 Kd8 45. Kxf4 Ke7 46. Bd5 Bd7
47. Ke3 Re1+ 48. Kd4 Rd1+ 49. Kc5 Be6 50. Be4 Bf7 51. Rb2 g5 52. Rg2 h4 53. Rh2
Ke6 54. f4 gxf4 55. Bf3 Rd3 56. Be4 Rd1 57. Bf3 Rd3 58. Be4 Rd8 59. Rxh4 Kxe5
60. Bf3 Rc8+ 61. Kb4 Rb8+ 62. Kc5 Rb3 63. Bd1 Rc3+ 64. Kb4 Rd3 65. Bc2 Rd6 66Kc3 Bg6 67. Bxg6 Rxg6 68. Kd3 Kf5 69. Ke2 Ke4 70. Kf2 Ra6 71. Rh8 Ra2+ 72. Kg1
Kf3 73. Rb8 Ra1+ 74. Kh2 Kf2 75. Rb2+ Kf1 76. Rb3 Kf2 77. Rb2+ Kf1 78. Rb3 Ra2+
79. Kh3 Ke2 80. Kg4 Ra4 81. Rf3 1/2-1/2

[Event "Gibtelecom Masters 8th"]
[Site "Gibraltar"]
[Date "2010.02.01"]
[Round "7.59"]
[White "Chapman, Terry P D"]
[Black "Havik, Victor"]
[Result "1-0"]
[WhiteElo "2221"]
[BlackElo "2093"]
[PlyCount "61"]
[EventDate "2010.01.26"]
[EventType "swiss"]
[EventRounds "10"]
[EventCountry "GGB"]
[SourceDate "2005.02.07"]

1. Nf3 Nf6 2. g3 g6 3. Bg2 Bg7 4. c4 c5 5. O-O Nc6 6. d4 cxd4 7. Nxd4 O-O 8Nc3 Qb6 9. Nb3 d6 10. Be3 Qd8 11. h3 Ne5 12. Nd2 Nfd7 13. Rc1 a5 14. b3 Nc5 15Kh2 Rb8 16. Nf3 Nxf3+ 17. Bxf3 b6 18. Qd2 Bb7 19. Bxb7 Rxb7 20. Bh6 Qc8 21Bxg7 Kxg7 22. Qd4+ Kg8 23. h4 h5 24. e4 Rb8 25. Rce1 Ne6 26. Qd2 Qc5 27. Rd1
Rbe8 28. Nd5 Kh7 29. f4 Ng7 30. f5 Qc6 31. f6 1-0

[Event "Gibtelecom Masters 8th"]
[Site "Gibraltar"]
[Date "2010.02.01"]
[Round "7.60"]
[White "Haraldsson, Leif"]
[Black "Lacrosse, Marc"]
[Result "0-1"]
[WhiteElo "2050"]
[BlackElo "2220"]
[PlyCount "62"]
[EventDate "2010.01.26"]
[EventType "swiss"]
[EventRounds "10"]
[EventCountry "GGB"]
[SourceDate "2005.02.07"]

1. e4 e5 2. Bc4 Nf6 3. Qf3 Nc6 4. c3 d6 5. h3 Be7 6. Ne2 Be6 7. Bb5 d5 8. d3
O-O 9. Nd2 Ne8 10. g4 Nd6 11. Ba4 dxe4 12. dxe4 g6 13. Bxc6 bxc6 14. Qg3 f6 15h4 Qd7 16. f3 Rad8 17. b3 Nf7 18. Qg2 Bc5 19. Ng3 Be3 20. Qe2 Bf4 21. Ngf1 Qd6
22. Ne3 Qd3 23. Ng2 Qxc3 24. Rb1 Bh6 25. g5 fxg5 26. Bb2 Qc2 27. Ne3 Qd3 28Rd1 g4 29. Nxg4 Bxg4 30. fxg4 Bxd2+ 31. Rxd2 Qb1+ 0-1

[Event "Gibtelecom Masters 8th"]
[Site "Gibraltar"]
[Date "2010.02.01"]
[Round "7.61"]
[White "Tjolsen, Katrine"]
[Black "Freuler, Roman"]
[Result "1-0"]
[WhiteElo "2212"]
[BlackElo "2082"]
[PlyCount "107"]
[EventDate "2010.01.26"]
[EventType "swiss"]
[EventRounds "10"]
[EventCountry "GGB"]
[SourceDate "2005.02.07"]

1. Nf3 g6 2. g3 Bg7 3. Bg2 e5 4. d3 d6 5. O-O Nc6 6. c4 Nf6 7. Nc3 O-O 8. Rb1
Bd7 9. h3 h6 10. b4 Re8 11. Nd2 Rb8 12. b5 Nd4 13. a4 Ne6 14. Kh2 Qc8 15. Nf3
Nc5 16. Nd2 Ne6 17. Nb3 c6 18. Ba3 c5 19. Bc1 Qd8 20. a5 Nh7 21. Bd2 Nd4 22Qc1 g5 23. Qd1 Bf5 24. Nc1 Kh8 25. e3 Ne6 26. Be4 Qf6 27. Qf3 Bxe4 28. Qxf6
Nxf6 29. Nxe4 Rbd8 30. Bc3 Ng8 31. Rd1 f5 32. Nd2 Ne7 33. Ne2 Kh7 34. Kg2 Kg6
35. Rbc1 Rf8 36. f4 exf4 37. gxf4 Bxc3 38. Rxc3 gxf4 39. Nxf4+ Nxf4+ 40. exf4
Kf6 41. Nf1 d5 42. Kf3 d4 43. Rc2 Ng6 44. Re2 Rde8 45. Rde1 Rxe2 46. Rxe2 Rf7
47. Ng3 Re7 48. Rxe7 Nxe7 49. Nf1 b6 50. a6 Ke6 51. Nd2 Kf6 52. Kg3 Ke6 53. Nf3
Ng6 54. Nxd4+ 1-0

[Event "Gibtelecom Masters 8th"]
[Site "Gibraltar"]
[Date "2010.02.01"]
[Round "7.62"]
[White "Henriksson, Johan"]
[Black "Pienabarca, Nicola"]
[Result "1-0"]
[WhiteElo "2204"]
[BlackElo "2071"]
[PlyCount "41"]
[EventDate "2010.01.26"]
[EventType "swiss"]
[EventRounds "10"]
[EventCountry "GGB"]
[SourceDate "2005.02.07"]

1. d4 Nf6 2. Nf3 g6 3. g3 Bg7 4. Bg2 d5 5. O-O O-O 6. c4 dxc4 7. Ne5 c5 8. d5
Qc7 9. Nxc4 Ne8 10. Nc3 a6 11. Bf4 Nd6 12. Ne4 Rd8 13. Rc1 Bf5 14. Nxc5 Qxc5
15. Nxd6 Qb6 16. Nxf5 gxf5 17. Qc2 Qxb2 18. Qxf5 Qb5 19. Be4 Nd7 20. Qxh7+ Kf8
21. Bh6 1-0

[Event "Gibtelecom Masters 8th"]
[Site "Gibraltar"]
[Date "2010.02.01"]
[Round "7.63"]
[White "Weeramantry, Sunil"]
[Black "Dasaolu, Adeoye"]
[Result "1-0"]
[WhiteElo "2201"]
[BlackElo "2068"]
[PlyCount "63"]
[EventDate "2010.01.26"]
[EventType "swiss"]
[EventRounds "10"]
[EventCountry "GGB"]
[SourceDate "2005.02.07"]

1. e4 c5 2. Nc3 e6 3. f4 Nc6 4. Nf3 a6 5. d4 cxd4 6. Nxd4 Qc7 7. Be2 d6 8. a4
Nf6 9. Be3 Be7 10. O-O Bd7 11. Nb3 b6 12. Bf3 Rb8 13. Qe2 Nb4 14. Rad1 O-O 15g4 Bc8 16. g5 Nd7 17. Bg2 Re8 18. Rd2 Bf8 19. f5 Ne5 20. Rd4 a5 21. Rf2 exf5
22. exf5 Bb7 23. Rh4 g6 24. fxg6 hxg6 25. Bxb7 Rxb7 26. Ne4 Nd7 27. Qf1 Re7 28Bd4 Bg7 29. Nf6+ Kf8 30. Rh7 Ne5 31. Qh3 Re6 32. Rh8+ 1-0

[Event "Gibtelecom Masters 8th"]
[Site "Gibraltar"]
[Date "2010.02.01"]
[Round "7.64"]
[White "Urbina Perez, Juan Antonio"]
[Black "Ortega Valle, Jose Ramon"]
[Result "1-0"]
[WhiteElo "2197"]
[BlackElo "2054"]
[PlyCount "63"]
[EventDate "2010.01.26"]
[EventType "swiss"]
[EventRounds "10"]
[EventCountry "GGB"]
[SourceDate "2005.02.07"]

1. e4 g6 2. d4 Bg7 3. c3 d6 4. Nf3 Nf6 5. Bd3 O-O 6. O-O c5 7. h3 Nc6 8. d5 Nb8
9. c4 e6 10. Nc3 exd5 11. exd5 Nfd7 12. Qc2 Ne5 13. Nxe5 dxe5 14. f4 Na6 15. a3
Qh4 16. Be3 f5 17. Qf2 Qxf2+ 18. Rxf2 e4 19. Bf1 Bd4 20. Re1 Bxc3 21. bxc3 b6
22. Rb2 Bd7 23. a4 Rf6 24. Ra1 Rb8 25. a5 Kf7 26. Bf2 Bc8 27. Be2 Ke8 28. Rba2
Kd7 29. Bd1 Kd6 30. axb6 Rxb6 31. Ba4 Bd7 32. Bh4 1-0

[Event "Gibtelecom Masters 8th"]
[Site "Gibraltar"]
[Date "2010.02.01"]
[Round "7.65"]
[White "Kawuma, Steven Male"]
[Black "Bryn, Askild"]
[Result "1-0"]
[WhiteElo "2187"]
[BlackElo "2036"]
[PlyCount "35"]
[EventDate "2010.01.26"]
[EventType "swiss"]
[EventRounds "10"]
[EventCountry "GGB"]
[SourceDate "2005.02.07"]

1. e4 c5 2. Nf3 Nc6 3. d4 cxd4 4. Nxd4 e5 5. Nb5 h6 6. N1c3 Nf6 7. Nd6+ Bxd6 8Qxd6 Qe7 9. Qd1 O-O 10. Be2 Rd8 11. O-O Nd4 12. Bc4 b5 13. Nd5 Qd6 14. Nxf6+
Qxf6 15. Bd5 Rb8 16. f4 Bb7 17. fxe5 Qb6 18. Be3 1-0

[Event "Gibtelecom Masters 8th"]
[Site "Gibraltar"]
[Date "2010.02.01"]
[Round "7.66"]
[White "Byrn, Carsten"]
[Black "Jacobsen, Fredrik Beer"]
[Result "1-0"]
[WhiteElo "2171"]
[BlackElo "1952"]
[PlyCount "85"]
[EventDate "2010.01.26"]
[EventType "swiss"]
[EventRounds "10"]
[EventCountry "GGB"]
[SourceDate "2005.02.07"]

1. d4 f5 2. c4 Nf6 3. g3 g6 4. Bg2 Bg7 5. Nh3 O-O 6. O-O d6 7. d5 Bd7 8. Nc3
Na6 9. Rb1 c6 10. Be3 Qe8 11. b3 Nc7 12. Qd2 Qc8 13. Bh6 Ne4 14. Nxe4 fxe4 15Bxg7 Kxg7 16. Ng5 Ne8 17. Nxe4 Nf6 18. Rbc1 Nxe4 19. Bxe4 Bh3 20. Bg2 c5 21. e4
Rf7 22. f4 Qg4 23. Rce1 Raf8 24. e5 Bxg2 25. Kxg2 b6 26. exd6 exd6 27. Qc3+ Kg8
28. Qe3 Rf6 29. Qe4 h5 30. h3 Qc8 31. Qe7 g5 32. Re6 Rxe6 33. Qxg5+ Kf7 34dxe6+ Qxe6 35. Qxh5+ Ke7 36. Rf2 Kd8 37. Re2 Qd7 38. Qd5 Kc7 39. Re6 Re8 40. f5
Rxe6 41. Qxe6 Qg7 42. Qe2 Qg5 43. g4 1-0

[Event "Gibtelecom Masters 8th"]
[Site "Gibraltar"]
[Date "2010.02.01"]
[Round "7.67"]
[White "Cafolla, Peter"]
[Black "Kvisla, Johannes Luangtep"]
[Result "0-1"]
[WhiteElo "2042"]
[BlackElo "2161"]
[PlyCount "52"]
[EventDate "2010.01.26"]
[EventType "swiss"]
[EventRounds "10"]
[EventCountry "GGB"]
[SourceDate "2005.02.07"]

1. e4 e5 2. Nf3 Nc6 3. d4 exd4 4. Nxd4 Nf6 5. Nxc6 bxc6 6. e5 Qe7 7. Qe2 Nd5 8c4 Nb6 9. Nc3 a5 10. Bd2 Ba6 11. b3 Qe6 12. Qe4 Bb4 13. Bd3 d5 14. exd6 cxd6
15. O-O-O Qxe4 16. Bxe4 Bb7 17. Nb5 O-O-O 18. Bxb4 cxb5 19. Bxb7+ Kxb7 20. Bxa5
bxc4 21. Rd4 Ra8 22. b4 d5 23. Rhd1 Rhe8 24. Bxb6 Kxb6 25. Rxd5 Rxa2 26. Rc5
Ra1+ 0-1

[Event "Gibtelecom Masters 8th"]
[Site "Gibraltar"]
[Date "2010.02.01"]
[Round "7.68"]
[White "Haarr, Jon Kristian"]
[Black "Tari, Aryan"]
[Result "1/2-1/2"]
[WhiteElo "2157"]
[BlackElo "1932"]
[PlyCount "71"]
[EventDate "2010.01.26"]
[EventType "swiss"]
[EventRounds "10"]
[EventCountry "GGB"]
[SourceDate "2005.02.07"]

1. e4 c6 2. c4 d5 3. exd5 cxd5 4. d4 Nf6 5. Nc3 e6 6. Nf3 Be7 7. c5 Nc6 8. a3
Ne4 9. Bb5 Nxc3 10. bxc3 Qa5 11. Qb3 O-O 12. O-O Qc7 13. Bxc6 bxc6 14. Qa4 a5
15. Ne5 Bxc5 16. dxc5 Qxe5 17. Bf4 Qe4 18. Qxe4 dxe4 19. Rfd1 Ba6 20. Rd6 Rac8
21. Re1 f5 22. Rxe6 Kf7 23. Rd6 Rfd8 24. Rb1 Rb8 25. Rb6 Rxb6 26. cxb6 Rxd6 27Bxd6 a4 28. Bb4 Ke6 29. c4 Kd7 30. c5 Ke6 31. h4 h5 32. Kh2 f4 33. f3 g6 34Kg1 exf3 35. gxf3 Kd5 36. Kf2 1/2-1/2

[Event "Gibtelecom Masters 8th"]
[Site "Gibraltar"]
[Date "2010.02.01"]
[Round "7.69"]
[White "Arnott, Jonathan W"]
[Black "Frey, Matthias"]
[Result "1/2-1/2"]
[WhiteElo "2154"]
[BlackElo "1907"]
[PlyCount "128"]
[EventDate "2010.01.26"]
[EventType "swiss"]
[EventRounds "10"]
[EventCountry "GGB"]
[SourceDate "2005.02.07"]

1. e4 e6 2. d4 d5 3. Nc3 Bb4 4. e5 c5 5. a3 Bxc3+ 6. bxc3 Ne7 7. Qg4 Qc7 8Qxg7 Rg8 9. Qxh7 cxd4 10. Ne2 Nbc6 11. f4 Bd7 12. Qd3 dxc3 13. Qxc3 O-O-O 14Rb1 Kb8 15. Nd4 Nxd4 16. Qxd4 Qxc2 17. Qb4 Qe4+ 18. Qxe4 dxe4 19. Be3 Rc8 20Ba6 Rc7 21. Kf2 Rc2+ 22. Be2 Rxg2+ 23. Kxg2 Rxe2+ 24. Bf2 e3 25. Kf3 Rxf2+ 26Kxe3 Ra2 27. h4 Rxa3+ 28. Ke2 Bc6 29. Rhg1 Be4 30. Rb4 Bg6 31. Rd4 Bh5+ 32. Kd2
Ra2+ 33. Kc3 Nd5+ 34. Kb3 Rf2 35. Rg8+ Kc7 36. Rc4+ Kb6 37. Rh8 Bd1+ 38. Ka3
Rxf4 39. Rxf4 Nxf4 40. Rh7 Bh5 41. Kb3 a5 42. Kc4 Kc6 43. Rh8 b5+ 44. Kd4 Bg6
45. Ke3 Nh5 46. Ra8 Kb6 47. Rb8+ Kc6 48. Kd4 Ng3 49. Rc8+ Kb7 50. Rh8 b4 51Kc4 Bh5 52. Kd3 b3 53. Kc3 a4 54. Rg8 Bg6 55. Rd8 Ne4+ 56. Kb2 Nc5 57. Ka3 Bc2
58. h5 Nd3 59. h6 b2 60. h7 b1=Q 61. Rb8+ Kxb8 62. h8=Q+ Kb7 63. Qc8+ Ka7 64Qa6+ Kxa6 1/2-1/2

[Event "Gibtelecom Masters 8th"]
[Site "Gibraltar"]
[Date "2010.02.01"]
[Round "7.70"]
[White "Valhondo Morales, Ruben"]
[Black "Nilsen, Joachim Birger"]
[Result "0-1"]
[WhiteElo "1762"]
[BlackElo "2152"]
[PlyCount "78"]
[EventDate "2010.01.26"]
[EventType "swiss"]
[EventRounds "10"]
[EventCountry "GGB"]
[SourceDate "2005.02.07"]

1. e4 e5 2. Nc3 Nc6 3. g3 Nf6 4. Bg2 Bc5 5. h3 O-O 6. Nge2 d6 7. O-O Be6 8. Na4
Bb6 9. Nxb6 axb6 10. d4 exd4 11. Nxd4 Nxd4 12. Qxd4 Qd7 13. Kh2 Ra4 14. Qe3
Rxe4 15. Qd2 Ra4 16. b3 Ra7 17. Bb2 Ne8 18. f4 f5 19. Rfe1 c6 20. Qe3 Bf7 21Qxb6 Ra6 22. Qe3 Ra8 23. Qe7 Rd8 24. a4 Nc7 25. Qg5 Be6 26. c4 Rde8 27. Rad1 d5
28. c5 h6 29. Qh5 Qf7 30. Qf3 Bd7 31. Be5 Na6 32. Qc3 Re6 33. b4 Rfe8 34. b5
Nb8 35. a5 g5 36. Qa1 Rg6 37. a6 bxa6 38. bxa6 gxf4 39. Bxf4 Be6 0-1

[Event "Gibtelecom Masters 8th"]
[Site "Gibraltar"]
[Date "2010.02.01"]
[Round "7.71"]
[White "Videnova, Iva"]
[Black "Steinskog, Asbjorn Ottesen"]
[Result "1-0"]
[WhiteElo "2301"]
[BlackElo "1884"]
[PlyCount "79"]
[EventDate "2010.01.26"]
[EventType "swiss"]
[EventRounds "10"]
[EventCountry "GGB"]
[SourceDate "2005.02.07"]

1. e4 e5 2. Nc3 Nc6 3. g3 Nf6 4. Bg2 Bc5 5. h3 O-O 6. Nge2 d6 7. O-O Be6 8. Na4
Bb6 9. Nxb6 axb6 10. d4 exd4 11. Nxd4 Nxd4 12. Qxd4 Qd7 13. Kh2 Ra4 14. Qe3
Rxe4 15. Qd2 Ra4 16. b3 Ra7 17. Bb2 Ne8 18. f4 f5 19. Rfe1 c6 20. Qe3 Bf7 21Qxb6 Ra6 22. Qe3 Ra8 23. Qe7 Rd8 24. a4 Nc7 25. Qg5 Be6 26. c4 Rde8 27. Rad1 d5
28. c5 h6 29. Qh5 Qf7 30. Qf3 Bd7 31. Be5 Na6 32. Qc3 Re6 33. b4 Rfe8 34. b5
Nb8 35. a5 g5 36. Qa1 Rg6 37. a6 bxa6 38. bxa6 gxf4 39. Bxf4 Be6 40. a7 1-0

[Event "Gibtelecom Masters 8th"]
[Site "Gibraltar"]
[Date "2010.02.01"]
[Round "7.72"]
[White "Mortensen, Henrik"]
[Black "Stebbings, Anthony J"]
[Result "1/2-1/2"]
[WhiteElo "2015"]
[BlackElo "2290"]
[PlyCount "84"]
[EventDate "2010.01.26"]
[EventType "swiss"]
[EventRounds "10"]
[EventCountry "GGB"]
[SourceDate "2005.02.07"]

1. e4 c5 2. Nf3 e6 3. g3 Nc6 4. Bg2 Nf6 5. Nc3 d6 6. d4 cxd4 7. Nxd4 Bd7 8. O-a6 9. a4 Be7 10. h3 O-O 11. Be3 Qc7 12. Nb3 b6 13. Qe2 Bc8 14. Rad1 Rb8 15. Nd4
Na5 16. f4 Bb7 17. g4 Rfe8 18. g5 Nd7 19. f5 Bf8 20. Rf2 Ne5 21. Rdf1 Qc4 22fxe6 fxe6 23. Qh5 Nac6 24. Nde2 b5 25. b3 Qb4 26. axb5 axb5 27. Qh4 Rbc8 28Qg3 g6 29. Bd2 Bg7 30. Be3 Rf8 31. Rxf8+ Rxf8 32. Rxf8+ Kxf8 33. Qf2+ Kg8 34Qe1 Nf7 35. Qd2 Be5 36. Bf1 Ba6 37. Na2 Qxd2 38. Bxd2 Bb7 39. Bg2 Nd4 40. Nxd4
Bxd4+ 41. Kf1 Kf8 42. Ke2 Ke7 1/2-1/2

[Event "Gibtelecom Masters 8th"]
[Site "Gibraltar"]
[Date "2010.02.01"]
[Round "7.73"]
[White "Schoene, Maria"]
[Black "Compton, Alistair"]
[Result "1-0"]
[WhiteElo "2251"]
[BlackElo "2066"]
[PlyCount "61"]
[EventDate "2010.01.26"]
[EventType "swiss"]
[EventRounds "10"]
[EventCountry "GGB"]
[SourceDate "2005.02.07"]

1. e4 e6 2. d4 d5 3. Nc3 Bb4 4. e5 Ne7 5. a3 Bxc3+ 6. bxc3 b6 7. Nf3 Ba6 8Bxa6 Nxa6 9. Qd3 Nb8 10. O-O Nbc6 11. c4 Na5 12. cxd5 Qxd5 13. Rb1 a6 14. Bg5
b5 15. a4 Nc4 16. axb5 axb5 17. Ra1 h6 18. Rxa8+ Qxa8 19. Bxe7 Kxe7 20. Nd2
Nxd2 21. Qxd2 Qa3 22. f4 Rd8 23. c3 c5 24. f5 exf5 25. d5 Qb3 26. d6+ Ke6 27Qf2 Kxe5 28. Qxc5+ Ke6 29. Re1+ Kf6 30. d7 Kg6 31. Qc7 1-0

[Event "Gibtelecom Masters 8th"]
[Site "Gibraltar"]
[Date "2010.02.01"]
[Round "7.74"]
[White "Nadig, Kruttika"]
[Black "Lochte, Szilvia"]
[Result "1-0"]
[WhiteElo "2240"]
[BlackElo "2032"]
[PlyCount "20"]
[EventDate "2010.01.26"]
[EventType "swiss"]
[EventRounds "10"]
[EventCountry "GGB"]
[SourceDate "2005.02.07"]

1. e4 d6 2. d4 g6 3. Nc3 Bg7 4. f4 Nf6 5. Nf3 O-O 6. Bd3 Nc6 7. O-O e5 8. fxe5
dxe5 9. d5 Nd4 10. Bg5 Nxf3+ 1-0

[Event "Gibtelecom Masters 8th"]
[Site "Gibraltar"]
[Date "2010.02.01"]
[Round "7.75"]
[White "Spanton, Tim R"]
[Black "Rioseco Pinochet, Fernan"]
[Result "1/2-1/2"]
[WhiteElo "2035"]
[BlackElo "2226"]
[PlyCount "108"]
[EventDate "2010.01.26"]
[EventType "swiss"]
[EventRounds "10"]
[EventCountry "GGB"]
[SourceDate "2005.02.07"]

1. e4 Nf6 2. Nc3 d5 3. e5 d4 4. exf6 dxc3 5. fxg7 cxd2+ 6. Qxd2 Qxd2+ 7. Bxd2
Bxg7 8. O-O-O Nc6 9. Nf3 Bg4 10. Be2 O-O-O 11. Be3 e5 12. Rxd8+ Rxd8 13. Rd1 f5
14. Rxd8+ Kxd8 15. Bg5+ Kc8 16. Ng1 Bxe2 17. Nxe2 Kd7 18. Bd2 Ke6 19. c4 Ne7
20. Nc3 c6 21. Be3 b6 22. a4 f4 23. Bd2 Nf5 24. Ne4 h6 25. g3 fxg3 26. hxg3 Bf8
27. Kc2 Nd4+ 28. Kd3 Kf5 29. Be3 Ne6 30. a5 bxa5 31. Bxa7 Bb4 32. Be3 h5 33. b3
Be1 34. Bb6 Bb4 35. Be3 Be1 36. Nd6+ Kf6 37. Ne4+ Kg6 38. Ke2 Bb4 39. Kd3 Kf5
40. f3 Be1 41. Ke2 Bb4 42. Kd3 Be7 43. Ke2 h4 44. gxh4 Bxh4 45. Nd6+ Kg6 46Nb7 Bd8 47. Nxd8 Nxd8 48. Bb6 Nb7 49. Ke3 Kf5 50. c5 Kf6 51. Kd3 Kf5 52. Ke3
Kf6 53. Kd3 Kf5 54. Ke3 Kf6 1/2-1/2

[Event "Gibtelecom Masters 8th"]
[Site "Gibraltar"]
[Date "2010.02.01"]
[Round "7.76"]
[White "Zanetti, Bruno"]
[Black "Kandic, Milan"]
[Result "0-1"]
[WhiteElo "1978"]
[BlackElo "2216"]
[PlyCount "80"]
[EventDate "2010.01.26"]
[EventType "swiss"]
[EventRounds "10"]
[EventCountry "GGB"]
[SourceDate "2005.02.07"]

1. d4 d6 2. c4 e5 3. dxe5 dxe5 4. Qxd8+ Kxd8 5. Nf3 f6 6. e4 c6 7. Be2 Kc7 8O-O Bc5 9. a3 a5 10. Nc3 Be6 11. Rb1 g5 12. b4 axb4 13. axb4 Be7 14. Be3 Nd7
15. Rfc1 h5 16. Nd5+ Kd8 17. Nxe7 Kxe7 18. c5 h4 19. b5 g4 20. Nd2 f5 21. exf5
Bxf5 22. Ra1 Ngf6 23. Rxa8 Rxa8 24. bxc6 bxc6 25. f3 h3 26. fxg4 Bxg4 27. Bxg4
Nxg4 28. Bg5+ Ngf6 29. gxh3 Rg8 30. h4 Ke6 31. Kf2 Rf8 32. Kg3 Kd5 33. Be3 Rg8+
34. Kf3 e4+ 35. Kf4 Rg4+ 36. Kf5 Rxh4 37. Rd1 Rh5+ 38. Kg6 Ke6 39. Bh6 Ne5+ 40Kg7 Ne8+ 0-1

[Event "Gibtelecom Masters 8th"]
[Site "Gibraltar"]
[Date "2010.02.01"]
[Round "7.77"]
[White "Martsynovskaya, Marina"]
[Black "Pettersen, Joar Gullestad"]
[Result "1-0"]
[WhiteElo "2184"]
[BlackElo "2020"]
[PlyCount "41"]
[EventDate "2010.01.26"]
[EventType "swiss"]
[EventRounds "10"]
[EventCountry "GGB"]
[SourceDate "2005.02.07"]

1. e4 c6 2. d4 d5 3. Nc3 dxe4 4. Nxe4 Bf5 5. Ng3 Bg6 6. h4 h6 7. Bd3 Bxd3 8Qxd3 e6 9. Nf3 Nd7 10. Bd2 Ngf6 11. Ne4 Be7 12. O-O-O c5 13. Bc3 O-O 14. dxc5
Qc7 15. Nxf6+ Nxf6 16. Ne5 Qxc5 17. Bd4 Qd5 18. c4 Rfc8 19. Kb1 Qe4 20. b3 Kf8
21. Nd7+ 1-0

[Event "Gibtelecom Masters 8th"]
[Site "Gibraltar"]
[Date "2010.02.01"]
[Round "7.78"]
[White "Bindrich, Oswald"]
[Black "Young, Melvyn"]
[Result "1-0"]
[WhiteElo "2173"]
[BlackElo "1717"]
[PlyCount "65"]
[EventDate "2010.01.26"]
[EventType "swiss"]
[EventRounds "10"]
[EventCountry "GGB"]
[SourceDate "2005.02.07"]

1. e4 c5 2. Nf3 d6 3. d4 cxd4 4. Nxd4 Nf6 5. Nc3 a6 6. Be2 e5 7. Nb3 Be7 8. Be3
Be6 9. O-O O-O 10. f4 exf4 11. Bxf4 Nc6 12. Kh1 b5 13. Nd4 Nxd4 14. Qxd4 Qc7
15. Rad1 Rfd8 16. Nd5 Bxd5 17. exd5 Qxc2 18. Bf3 Qf5 19. Bg3 Nh5 20. Be1 Bf6
21. Qf2 Qg6 22. Rc1 Be5 23. Qh4 Nf6 24. Bc3 Bxc3 25. Rxc3 Rac8 26. Rc6 Qd3 27Rfc1 Qf5 28. Qb4 Rxc6 29. dxc6 d5 30. c7 Rc8 31. Qd6 Ne8 32. Qd8 Kf8 33. Re1
1-0

[Event "Gibtelecom Masters 8th"]
[Site "Gibraltar"]
[Date "2010.02.01"]
[Round "7.79"]
[White "Hughes, Roy"]
[Black "Valgmae, Toomas"]
[Result "0-1"]
[WhiteElo "1976"]
[BlackElo "2154"]
[PlyCount "44"]
[EventDate "2010.01.26"]
[EventType "swiss"]
[EventRounds "10"]
[EventCountry "GGB"]
[SourceDate "2005.02.07"]

1. e4 c5 2. Nc3 d6 3. f4 g6 4. g3 Bg7 5. Bg2 Nc6 6. Nf3 Nf6 7. O-O O-O 8. d3
Rb8 9. h3 b5 10. Be3 b4 11. Ne2 c4 12. g4 Ba6 13. f5 Rc8 14. a3 b3 15. cxb3
cxd3 16. Nc3 d5 17. exd5 Nxd5 18. Nxd5 Qxd5 19. Nd4 Qe5 20. Nxc6 Qxe3+ 21. Kh1
Rxc6 22. Bxc6 Qxh3+ 0-1

[Event "Gibtelecom Masters 8th"]
[Site "Gibraltar"]
[Date "2010.02.01"]
[Round "7.80"]
[White "Popa-Matei, Viorel-Ovidiu"]
[Black "Matto, Manuel"]
[Result "1-0"]
[WhiteElo "2137"]
[BlackElo "1824"]
[PlyCount "101"]
[EventDate "2010.01.26"]
[EventType "swiss"]
[EventRounds "10"]
[EventCountry "GGB"]
[SourceDate "2005.02.07"]

1. e4 e6 2. d4 d6 3. Nf3 h6 4. c4 Be7 5. Bd3 Nd7 6. O-O Nf8 7. e5 Nh7 8. Be3
Ng5 9. Nbd2 Bd7 10. Nxg5 hxg5 11. f4 gxf4 12. Bxf4 dxe5 13. Bxe5 Nf6 14. Qf3
Bc6 15. Qf4 Bd6 16. Bxd6 Qxd6 17. Qxd6 cxd6 18. b4 Rh4 19. Nb3 Be4 20. Rad1
O-O-O 21. g3 Rg4 22. Bxe4 Rxe4 23. Rfe1 b6 24. a4 Rxe1+ 25. Rxe1 Rd7 26. Kg2
Rc7 27. Nd2 Kb7 28. Kf3 g6 29. h4 Rc8 30. Rc1 a6 31. Ne4 Nxe4 32. Kxe4 d5+ 33Kd3 dxc4+ 34. Rxc4 Rh8 35. Rc1 f5 36. Ke3 Rd8 37. b5 Rd5 38. bxa6+ Kxa6 39. Rc6
e5 40. dxe5 Rxe5+ 41. Kf3 Re4 42. Rxg6 Rxa4 43. h5 Rc4 44. h6 Rc8 45. Kf4 Ka5
46. h7 Rh8 47. Rg7 b5 48. Kxf5 b4 49. Kg6 Ra8 50. Rg8 Ra6+ 51. Kg5 1-0

[Event "Gibtelecom Masters 8th"]
[Site "Gibraltar"]
[Date "2010.02.01"]
[Round "7.81"]
[White "Skage, Oystein Aagedal"]
[Black "Vinas Guerrero, Carlos A"]
[Result "1/2-1/2"]
[WhiteElo "1935"]
[BlackElo "2120"]
[PlyCount "91"]
[EventDate "2010.01.26"]
[EventType "swiss"]
[EventRounds "10"]
[EventCountry "GGB"]
[SourceDate "2005.02.07"]

1. e4 e5 2. Nf3 Nc6 3. Bb5 Nf6 4. O-O Nxe4 5. d4 Be7 6. dxe5 O-O 7. Qe2 Nc5 8a3 Ne6 9. Rd1 f6 10. Bc4 Qe8 11. Nc3 fxe5 12. Nb5 Bd8 13. Bg5 d6 14. h4 Kh8 15Qe4 a6 16. Nc3 Ned4 17. Nxd4 Nxd4 18. Bd3 Bf5 19. Qxb7 Bxg5 20. hxg5 Qf7 21Rd2 Bxd3 22. Rxd3 Qxf2+ 23. Kh2 c6 24. g6 h6 25. Rh3 Qf4+ 26. Kh1 Qg5 27. Ne4
Qxg6 28. Rg3 Qh5+ 29. Rh3 Qg6 30. Rg3 Qh5+ 31. Rh3 Qf7 32. Qxf7 Rxf7 33. Nxd6
Re7 34. c3 Ne6 35. Re1 Ng5 36. Rhe3 Rd8 37. Ne4 Nf7 38. Nc5 a5 39. b4 axb4 40cxb4 Rd4 41. Nb3 Rc4 42. Na5 Rc2 43. R1e2 Rc1+ 44. Re1 Rc2 45. R1e2 Rc1+ 46Re1 1/2-1/2